000 00896nam a22002657a 4500
999 _c14637
_d14637
005 20181022150520.0
010 _aENG-90619 B-710617
020 _a0070260621
_c275.00
020 _a9780070260627
_c275.00
035 _aEN-74152
035 _aB-710617
037 _bDBAD / PUB
037 _bTata Mc Graw Hill Education
082 _a621.4021
100 _aNag, P.K.
245 _aEngineering thermodynamics /
_cby P.K. Nag
250 _a4th ed.
260 _aNew Delhi
_bTata McGraw-Hill Publishing
_c2012
270 _a7 West Patel Nagar
_bNew Delhi
_e110008
300 _axxvi, 804 p.
_bill.
_c23 cm. (pbk)
500 _aIncludes bibliographical references and index
650 _aThermodynamics.
942 _2ddc
_cEN
_h621.4021
_mNAG